01270nam a2200385 i 450000100060000000300090000600500170001500800390003202000150007104000360008604600090012208000140013108000120014508000120015710000360016924500450020525000210025026000480027130000210031933600270034033700540036733800280042138000160044938000270046538500390049238800100053150400340054165000200057565000340059565500300062965800510065971000340071085600980074485600420084256481KOSZ 00520221129100423.0090706s2006 pl a f f |000 0 pol a8301142022 cKOSZ 005aKOSZ 005dKOSZ 005/HR k2004 a32-027.21 a316.325 a(075.8)1 aŻyro, Tomaszd(1955- )eAutor10aWstęp do politologii /cTomasz Żyro. aWyd. 1 - 2 dodr. aWarszawa :bWydawnictwo Naukowe PWN,c2006. a308 s. ;c24 cm. 2rdacontentaTekstbtxt 2rdamediaaBez urządzenia pośredniczącegobn 2rdacarrieraWoluminbnc aKsiążki aPublikacje dydaktyczne mPoziom nauczaniaaSzkoły wyższe a2001- aBibliogr. s. 299-301. Indeks. 4aTeoria polityki 4aSpołeczeństwo obywatelskie 4aPodręczniki akademickie aPolityka, politologia, administracja publiczna2 aWydawnictwo Naukowe PWN4pbl. uhttp://koha.tu.koszalin.pl/cgi-bin/koha/opac-detail.pl?biblionumber=56481yKatalog online BPK uhttp://libra.ibuk.pl/reader/166yIBUK